[Event "Golden Cleopatra op"]
[Site "Cairo"]
[Date "2016.12.19"]
[Round "8"]
[White "Sobh, Amrou"]
[Black "Mohamed, Ibrahim Ahmed"]
[Result "1-0"]
[WhiteElo "2211"]
[BlackElo "1783"]
[PlyCount "96"]
[EventDate "2016.12.13"]
[EventType "swiss"]
[EventRounds "10"]
[EventCountry "EGY"]
[SourceTitle "CBM 176 Extra"]
[Source "ChessBase"]
[SourceDate "2017.03.02"]
[SourceVersion "1"]
[SourceVersionDate "2017.03.02"]
[SourceQuality "1"]

1. d4 d5 2. c4 e6 3. Nc3 c5 4. cxd5 exd5 5. Nf3 Nc6 6. g3 cxd4 7. Nxd4 Bc5 8. Nb3 Bb4 9. Bg2 Nf6 10. 0-0 Be6 11. Nd4 0-0 12. Nxe6 fxe6 13. a3 Bc5 14. Na4 Bd6 15. b4 Qe7 16. Bb2 Rad8 17. Rc1 Ne5 18. Qb3 Nc4 19. Rcd1 b5 20. Nc3 a6 21. Ba1 Ng4 22. e3 Qg5 23. h4 Qh6 24. Nxd5 exd5 25. Rxd5 Be5 26. Rxe5 Ngxe5 27. Bxe5 Kh8 28. Bf4 Qg6 29. Rc1 Rd3 30. Rc3 Rfd8 31. e4 Rxc3 32. Qxc3 Qf6 33. e5 Qb6 34. a4 Qd4 35. Qxd4 Rxd4 36. axb5 axb5 37. Bc6 Rd1+ 38. Kg2 Re1 39. Bxb5 Nxe5 40. Bf1 Nc6 41. b5 Na5 42. Bd2 Ra1 43. Bxa5 Rxa5 44. Kf3 Ra2 45. Ke3 Rb2 46. Bc4 g6 47. f4 Kg7 48. Kd4 Kf6 1-0